• 首页
  • 本馆介绍
  • 公告通知
  • 最新文献
  • 馆藏检索
  • 电子资源
  • 读者导购
  • 参考咨询
  • 我的图书馆
  • 登录
  • 详细信息显示
  • 放入我的书架
  • 预约/预借图书
  • 作者相关作品
  • 分类相关作品
  • 丛书相关作品
  • 出版社相关作品

书目信息

  • 表格格式
  • 工作单格式
  • 卡片格式
题名:
高血压病自我调养
    
 
作者: 李刘坤 , 凌泽奎 编著
分册:  
出版信息: 北京   农村读物出版社  1999
页数: 202页
开本: 19cm
丛书名: 家庭医生
单 册:
中图分类: R544.1
科图分类:
主题词: 高血压--防治 , 高血压
电子资源:
ISBN: 7-5048-2930-7
000 00874oam2 2200277 45
001 012006080901
005 20070110162111.35
010    @a7-5048-2930-7@dCNY8.80
092    @aCN@b177806
100    @a20060809d1999 em y0chiy0120 ea
101 0  @achi
102    @aCN@b110000
105    @aa z 000yy
200 1  @a高血压病自我调养@Agao xue ya bing zi wo diao yang@f李刘坤,凌泽奎编著@Fli liu kun, ling ze kui bian zhu
210    @a北京@c农村读物出版社@d1999
215    @a202页@c图@d19cm
225 2  @a家庭医生
330    @a本书主要内容:关于高血压病、高血压病的常见病发症、怎样知道得了高血压病、高血压病的治疗原则等。
461  0 @12001 @a家庭医生
606 0  @a高血压@x防治
606 0  @a高血压
690    @aR544.1@v4
701  0 @a李刘坤@Ali liu kun@4编著
701  0 @a凌泽奎@Aling ze kui@4编著
801  0 @aCN@bLZJBOOK@c20070110
905    @a10447@dR544.1@e91
    
    高血压病自我调养/李刘坤,凌泽奎编著.-北京:农村读物出版社,1999
    202页:图;19cm.-(家庭医生)
    
    
    ISBN 7-5048-2930-7:CNY8.80
    本书主要内容:关于高血压病、高血压病的常见病发症、怎样知道得了高血压病、高血压病的治疗原则等。
●
相关链接 在E读中查询图书 在五车中查询图书 在当当中查询图书 在豆瓣中查询图书


正题名:高血压病自我调养     索取号:R544.1/91         预约/预借

序号 登录号 条形码 馆藏地/架位号 状态 备注
1 0556601   205566010   第二样本阅览室/ [索取号:R544.1/91] 在馆    
2 0556602   205566029   第三借阅区/ [索取号:R544.1/91] 在馆    
3 0556603   205566038   第三借阅区/ [索取号:R544.1/91] 在馆    
4 0556604   205566047   教育系资料室/ [索取号:R544.1/91] 在馆    
5 0556605   205566056   教育系资料室/ [索取号:R544.1/91] 在馆    
6 0556606   205566065   教育系资料室/ [索取号:R544.1/91] 在馆    
7 0556607   205566074   教育系资料室/ [索取号:R544.1/91] 在馆    
8 0556608   205566083   第三借阅区/ [索取号:R544.1/91] 在馆    
唐山师范学院图书馆 欢迎您!
大连网信软件有限公司© 版权所有